Statistiques concernant Les pays finalistes de la Coupe du Monde de Football

Cliquez ici pour prendre le quiz!

Statistiques générales

  • Ce quiz a été pris 12 607 fois
  • Le résultat moyen est 9 sur 12

Statistiques - réponses

ParticipationPays% Correct
2France
100%
7Brésil
99%
8Allemagne
98%
5Argentine
96%
6Italie
95%
1Espagne
92%
2Uruguay
83%
1Angleterre
82%
3Pays-Bas
77%
1Suède
35%
2Hongrie
28%
2Tchécoslovaquie
13%

Distribution des résultats

Percentile par nombre de réponses

% des personnes avec chaque résultat

Votre développement - résultats

Vous n’avez pas pris ce quiz